Oleos y acuarelas (Record no. 87397)

MARC details
000 -LEADER
campo de control de longitud fija 00725nam a2200193 i 4500
001 - NÚMERO DE CONTROL
campo de control 87397
003 - IDENTIFICADOR DE NÚMERO DE CONTROL
campo de control ES-MaACL
005 - FECHA Y HORA DE LA ÚLTIMA TRANSACCIÓN
campo de control 20230906175649.0
007 - CAMPO FIJO DE DESCRIPCIÓN FÍSICA--INFORMACIÓN GENERAL
campo de control de longitud fija t|
008 - DATOS DE LONGITUD FIJA--INFORMACIÓN GENERAL
campo de control de longitud fija 041221s1975 sp ||||1| spa d
100 1# - ENTRADA PRINCIPAL--NOMBRE DE PERSONA
Nombre de persona Kokoschka, Oskar (
Fechas asociadas al nombre 1886-1980)
9 (RLIN) 68503
245 10 - MENCIÓN DEL TÍTULO
Título Oleos y acuarelas
Resto del título : dibujos, mosaicos : obra literaria, 22 mayo-5 julio 1975 /
Mención de responsabilidad, etc. Oskar Kokoschka ; [elaboración del catálogo: Heinz Spielman ; traducción Antonio de Zubiarre].
260 ## - PUBLICACIÓN, DISTRIBUCIÓN, ETC.
Lugar de publicación, distribución, etc. Madrid :
Nombre del editor, distribuidor, etc. Fundación Juan March,
Fecha de publicación, distribución, etc. 1975.
300 ## - DESCRIPCIÓN FÍSICA
Extensión 96 p., 23 lám. :
Otras características físicas il. ;
Dimensiones 26 cm.
700 1# - ENTRADA AGREGADA--NOMBRE PERSONAL
Nombre de persona Spielman, Heinz.
9 (RLIN) 107720
700 1# - ENTRADA AGREGADA--NOMBRE PERSONAL
Nombre de persona Zubiaurre, Antonio de.
9 (RLIN) 118395
852 ## - LOCALIZACIÓN
Ubicación ES-MaACL
Número de control de estantería E-8104
Sublocalización o colección R.92470
852 ## - LOCALIZACIÓN
Ubicación ES-MaACL
Número de control de estantería E-7954
Sublocalización o colección R.92395
Holdings
Estatus retirado Estado de pérdida Estado de daño No para préstamo Biblioteca de origen Biblioteca actual Ubicación en estantería Fecha de adquisición Fuente de adquisición Total de préstamos Signatura topográfica completa Código de barras Visto por última vez Precio de reemplazo Tipo de ítem Koha
        Biblioteca del Ateneo de Madrid Biblioteca del Ateneo de Madrid Depósito 2 17/01/2008     E-7954 1091307 23/02/2023 23/02/2023 Libro impreso
        Biblioteca del Ateneo de Madrid Biblioteca del Ateneo de Madrid Depósito 2 17/01/2008     E-8104 1091306 23/02/2023 23/02/2023 Libro impreso